| 000 | 00711nam a2200217 i 4500 | ||
|---|---|---|---|
| 001 | 151120 | ||
| 003 | ES-MaACL | ||
| 005 | 20250902113854.0 | ||
| 007 | t| | ||
| 008 | 071211s1870 sp ||||1| spa d | ||
| 080 | _a72.0071.1(460)(058.7) | ||
| 245 | 0 | 0 |
_aArquitectos residentes o avecinados en Madrid _b: lista publicada por la Sociedad Central, año 1870. |
| 260 |
_aMadrid : _b[s.n.], _c1870 ( _fImp. de José M. Ducazcal) |
||
| 300 |
_a16 p. ; _c19 cm. |
||
| 650 | 4 |
_aArquitectos- _zMadrid- _vDirectorios. _9155957 |
|
| 710 | 2 |
_aSociedad Central de Arquitectos _9134871 |
|
| 852 |
_aES-MaACL _jT-106-F-12 |
||
| 852 |
_aES-MaACL _jT-158-F-4 |
||
| 852 |
_aES-MaACL _jT-113-F-6 |
||
| 999 |
_c151120 _d151120 |
||